TOP 10 Countries in: Best Education System - Statistics

General Stats
  • This quiz has been taken 359 times
  • The average score is 7 of 10
Answer Stats
System Index Country Name % Correct
90.72 Japan
92%
88.93 United Kingdom
90%
87.64 Canada
87%
87.96 Finland
87%
89.76 South Korea
86%
86.47 Netherlands
69%
88.67 Singapore
69%
85.58 Ireland
68%
88.31 Russia
50%
84.80 Israel
34%
No matching quizzes found
Score Distribution
Percent of People with Each Score
Percentile by Number Answered
Your Score History
You have not taken this quiz